Normal view
MARC view
- Anshid K.
Entry Personal Name
001 - CONTROL NUMBER
- control field: 3825
003 - CONTROL NUMBER IDENTIFIER
- control field: OSt
005 - DATE AND TIME OF LATEST TRANSACTION
- control field: 20181031105844.0
008 - FIXED-LENGTH DATA ELEMENTS
- fixed length control field: 181031|| aca||aabn | a|a d
040 ## - CATALOGING SOURCE
- Original cataloging agency: OSt
- Transcribing agency: OSt
100 ## - HEADING--PERSONAL NAME
- Personal name: Anshid K.
670 ## - SOURCE DATA FOUND
- Source citation: Work cat.: (OSt)15486: Anshid K. Panchamy Balan Syamkumar K.S, Development and evaluation of a cassava peeler cum slicer, 2018
